| Tag |
First Indicator |
Second Indicator |
Subfields |
| LEADER |
00000cam a2200000 a 4500 |
| 001 |
in00000019033 |
| 005 |
20151007054137.0 |
| 008 |
860403s1986 iluac j 00010beng |
| 010 |
|
|
|a 86009582
|
| 020 |
|
|
|a 0516036343
|
| 035 |
|
|
|a (OCoLC)13454929
|
| 035 |
|
|
|9 AAB4117AM
|
| 040 |
|
|
|a DLC
|c DLC
|d TXA
|d UtOrBLW
|
| 049 |
|
|
|a [Curr Col] TXAM
|c [A11059988]
|
| 050 |
0 |
0 |
|a BX5700.6.Z8
|b T874 1986
|
| 082 |
0 |
|
|a 283/.3
|a B
|a 92
|2 19
|
| 100 |
1 |
|
|a Greene, Carol.
|
| 245 |
1 |
0 |
|a Desmond Tutu, bishop of peace /
|c by Carol Greene.
|
| 264 |
|
1 |
|a Chicago :
|b Childrens Press,
|c [1986]
|
| 264 |
|
4 |
|c ©1986
|
| 300 |
|
|
|a 31 pages :
|b illustrations, portraits ;
|c 25 cm.
|
| 336 |
|
|
|a text
|b txt
|2 rdacontent
|
| 337 |
|
|
|a unmediated
|b n
|2 rdamedia
|
| 338 |
|
|
|a volume
|b nc
|2 rdacarrier
|
| 520 |
|
|
|a Profiles the life of the South African bishop who has worked energetically and courageously to improve the lot of black people in South Africa.
|
| 600 |
1 |
0 |
|a Tutu, Desmond
|x Juvenile literature.
|
| 610 |
2 |
0 |
|a Church of the Province of South Africa
|x Clergy
|x Biography
|x Juvenile literature.
|
| 650 |
|
0 |
|a Anglican Communion
|z South Africa
|x Clergy
|x Biography
|x Juvenile literature.
|
| 600 |
1 |
1 |
|a Tutu, Desmond.
|
| 650 |
|
1 |
|a Clergy.
|
| 651 |
|
1 |
|a South Africa
|x Biography.
|
| 999 |
|
|
|a MARS
|
| 999 |
f |
f |
|s 4c9d3595-f989-325e-b177-175150b299c7
|i 66732c44-eb6d-3cb1-b0ef-4d6b8e021b4c
|t 0
|
| 952 |
f |
f |
|p ric
|a Texas A&M University
|b Rellis Campus
|c Joint Library Facility
|d Remote Storage
|t 0
|e BX5700.6.Z8 T874 1986
|h Library of Congress classification
|i unmediated -- volume
|m A14811059988
|
| 998 |
f |
f |
|a BX5700.6.Z8 T874 1986
|t 0
|l Remote Storage
|